[Event "SLO-ch blind"]
[Site "Okroglo"]
[Date "2008.04.27"]
[Round "3"]
[White "Kumer, Vladimir"]
[Black "Persuh, Andrej"]
[Result "0-1"]
[WhiteElo "1727"]
[BlackElo "1625"]
[PlyCount "79"]
[EventDate "2008.04.26"]
[EventType "swiss"]
[EventRounds "9"]
[EventCountry "SLO"]
[SourceTitle "EXT 2010"]
[Source "ChessBase"]
[SourceDate "2010.11.25"]
[SourceVersion "1"]
[SourceVersionDate "2010.11.25"]
[SourceQuality "1"]

1. Nf3 Nf6 2. d4 d5 3. g3 g6 4. Bg2 Bg7 5. 0-0 0-0 6. b3 c6 7. Bb2 Nbd7 8. Nbd2 Nb6 9. Re1 Bf5 10. Nh4 Bg4 11. h3 Be6 12. a4 a6 13. a5 Nc8 14. c4 Nd6 15. Qc2 Qd7 16. Kh2 Rac8 17. Nhf3 Bf5 18. Qc1 Nde4 19. Ne5 Qd8 20. f3 Nxd2 21. Qxd2 h5 22. Ba3 dxc4 23. bxc4 Nd7 24. Qe3 Nxe5 25. dxe5 Re8 26. Bc5 Qc7 27. f4 Be6 28. Qc3 f6 29. exf6 exf6 30. Rad1 f5 31. Bd4 Bxd4 32. Rxd4 Rcd8 33. Red1 Rxd4 34. Rxd4 Qe7 35. e4 fxe4 36. Rxe4 Qf7 37. Qe1 Bd7 38. c5 Rxe4 39. Qxe4 Bf5 40. Qd3 0-1

[Event "SLO-ch blind int 6th"]
[Site "Izola"]
[Date "2005.06.17"]
[Round "5"]
[White "Kumer, Vladimir"]
[Black "Janzekovic, Anton"]
[Result "0-1"]
[WhiteElo "1790"]
[BlackElo "1890"]
[PlyCount "98"]
[EventDate "2005.06.13"]
[EventType "swiss"]
[EventRounds "7"]
[EventCountry "SLO"]
[SourceTitle "EXT 2019"]
[Source "ChessBase"]
[SourceDate "2018.10.10"]
[SourceVersion "1"]
[SourceVersionDate "2018.10.10"]
[SourceQuality "1"]

1. e4 c6 2. d4 e6 3. Nf3 d5 4. e5 f5 5. c3 Ne7 6. Bd3 Ng6 7. Ng5 Be7 8. Qh5 Bxg5 9. Bxg5 Qc7 10. Nd2 Qf7 11. Rc1 Nxe5 12. Qxf7+ Nxf7 13. Nf3 0-0 14. Bf4 Nd7 15. 0-0 Nf6 16. Ne5 Nxe5 17. Bxe5 Kf7 18. Rfe1 Bd7 19. Re3 Ng4 20. Re2 Nxe5 21. Rxe5 Kf6 22. Rce1 g6 23. f4 g5 24. fxg5+ Kxg5 25. g3 Kf6 26. Rf1 Kg7 27. Rf4 Rf6 28. a3 Raf8 29. Kf2 b6 30. b4 Rc8 31. c4 b5 32. c5 a5 33. Re1 axb4 34. axb4 Ra8 35. Rb1 Ra2+ 36. Kg1 Rf8 37. Rf2 Rfa8 38. Rbb2 Ra1+ 39. Bb1 Be8 40. Kg2 R8a4 41. Rfe2 Kf6 42. Kf2 Bh5 43. Re1 R4a3 44. Re3 Rxe3 45. Kxe3 e5 46. dxe5+ Kxe5 47. Bd3 Ra3 48. Kd2 Bf7 49. Bf1 d4 0-1

[Event "SLO-ch blind int 6th"]
[Site "Izola"]
[Date "2005.06.13"]
[Round "1"]
[White "Kumer, Vladimir"]
[Black "Rev, Miklos"]
[Result "1/2-1/2"]
[WhiteElo "1790"]
[BlackElo "2027"]
[PlyCount "49"]
[EventDate "2005.06.13"]
[EventType "swiss"]
[EventRounds "7"]
[EventCountry "SLO"]
[SourceTitle "EXT 2019"]
[Source "ChessBase"]
[SourceDate "2018.10.10"]
[SourceVersion "1"]
[SourceVersionDate "2018.10.10"]
[SourceQuality "1"]

1. e4 d5 2. exd5 Nf6 3. Bc4 Nxd5 4. Nc3 Nb6 5. Bb3 Nc6 6. Qf3 e6 7. Nge2 Be7 8. d3 0-0 9. Bf4 e5 10. Bd2 Kh8 11. 0-0-0 f5 12. h4 a5 13. a4 Bf6 14. h5 Qe7 15. Be3 Be6 16. Bxe6 Qxe6 17. Rde1 Nb4 18. Bxb6 Qxb6 19. Kb1 e4 20. dxe4 fxe4 21. Qe3 Qc6 22. Qxe4 Bxc3 23. Nxc3 Rxf2 24. Qxc6 Nxc6 25. Re2 1/2-1/2

[Event "SLO-ch blind"]
[Site "Okroglo"]
[Date "2004.04.29"]
[Round "5"]
[White "Kumer, Vladimir"]
[Black "Muri, Emil"]
[Result "1/2-1/2"]
[WhiteElo "1849"]
[BlackElo "2031"]
[PlyCount "46"]
[EventDate "2004.04.26"]
[EventType "swiss"]
[EventRounds "9"]
[EventCountry "SLO"]
[SourceTitle "EXT 2009"]
[Source "ChessBase"]
[SourceDate "2008.11.26"]
[SourceVersion "1"]
[SourceVersionDate "2008.11.26"]
[SourceQuality "1"]

1. d4 Nf6 2. c4 d6 3. Nc3 g6 4. e4 Bg7 5. f3 0-0 6. Be3 b6 7. Qd2 c5 8. Nge2 e5 9. d5 a6 10. h4 h5 11. Bg5 Qe8 12. Nc1 Bd7 13. Nd3 b5 14. a3 bxc4 15. Nf2 Bb5 16. a4 Bd7 17. Bxc4 Ra7 18. Bh6 Rb7 19. b3 Rb4 20. Nd3 Rb6 21. a5 Rb7 22. Bxg7 Kxg7 23. Qe2 Bb5 1/2-1/2

[Event "SLO-ch blind"]
[Site "Okroglo"]
[Date "2004.04.27"]
[Round "2"]
[White "Kumer, Vladimir"]
[Black "Mlacnik, Janez"]
[Result "1/2-1/2"]
[WhiteElo "1849"]
[BlackElo "2024"]
[PlyCount "41"]
[EventDate "2004.04.26"]
[EventType "swiss"]
[EventRounds "9"]
[EventCountry "SLO"]
[SourceTitle "EXT 2009"]
[Source "ChessBase"]
[SourceDate "2008.11.26"]
[SourceVersion "1"]
[SourceVersionDate "2008.11.26"]
[SourceQuality "1"]

1. e4 c5 2. Nf3 Nc6 3. Bb5 e6 4. Bxc6 dxc6 5. 0-0 Nf6 6. d3 Qc7 7. Nbd2 Be7 8. Re1 0-0 9. Nf1 e5 10. h3 Bd7 11. Ne3 Rad8 12. Nc4 Bd6 13. Bg5 Bc8 14. Bxf6 gxf6 15. Nh4 Kh8 16. Ne3 Rg8 17. Qf3 Be7 18. Nef5 Bxf5 19. Nxf5 Rg6 20. Kh2 Rdg8 21. Rg1 1/2-1/2